Online
Catalog
Normal view MARC view

Entry Nombre personal

Number of records used in: 20

001 - NÚMERO DE CONTROL

  • campo de control: 26797

003 - IDENTIFICADOR DEL NÚMERO DE CONTROL

  • campo de control: BNPHU

005 - FECHA Y HORA DE LA ÚLTIMA TRANSACCIÓN

  • campo de control: 20260304092050.0

008 - DATOS DE LONGITUD FIJA

  • campo de control de longitud fija: 200615|| aca||aabn | a|a d

010 ## - NÚMERO DE CONTROL DE LA BIBLIOTECA DEL CONGRESO

  • Número de control de LC: no2010109815

040 ## - FUENTE DE LA CATALOGACIÓN

  • Centro catalogador/agencia de origen: DO-SdBNP
  • Lengua de catalogación: spa
  • Centro/agencia transcriptor: BNPHU
  • Normas de descripción: rda

046 ## - FECHAS CON CODIFICACIÓN ESPECIAL

  • Fecha de nacimiento: 1936-

100 1# - ENCABEZAMIENTO-NOMBRE DE PERSONA

  • Nombre de persona: Ortiz Bosch, Milagros, 1936-

370 ## - LUGAR ASOCIADO

  • Lugar de nacimiento: Santo Domingo

373 ## - GRUPO ASOCIADO

  • Grupo asociado: Partido Revolucionario Dominicano
  • Grupo asociado: Partido Liberal Dominicano
  • Grupo asociado: República Dominicana. Congreso Nacional. Senado

374 ## - OCUPACIÓN

  • Ocupación: Política

375 ## - GÉNERO/SEXO

  • Género/Sexo: Femenino

377 ## - LENGUA/LENGUAJE ASOCIADO

  • Código del idioma: spa
  • Término de lengua/lenguaje: Español

400 1# - TRAZADO DE VÉASE--NOMBRE DE PERSONA

  • Nombre de persona: Bosch, Milagros Ortiz,

670 ## - FUENTE DE DATOS ENCONTRADOS

  • Cita de la fuente: La política y la vida, 2009

670 ## - FUENTE DE DATOS ENCONTRADOS

  • Cita de la fuente: PRD-PLD, 2014

670 ## - FUENTE DE DATOS ENCONTRADOS

  • Identificador Uniforme del Recurso: https://authorities.loc.gov/cgi-bin/Pwebrecon.cgi?AuthRecID=8338490&v1=1&HC=1&SEQ=20240222123914&PID=7XZas-3UJaGiWMeHm2RaJs1GpCBA9

Powered by Koha